Gabriela anda por el mundo

Saved in:
Bibliografiske detaljer
Hovedforfatter: Scarpa, Roque Esteban (Author)
Format: Bog
Sprog:spansk
Udgivet: Santiago Andrés Bello 1978
Fag:
Tags: Tilføj Tag
Ingen Tags, Vær først til at tagge denne postø!

MARC

LEADER 00000cam a2200000 a 4500
001 UCZ0354
003 CL-VaPUC
005 20241016095655.0
008 950728e19780000CL |||||||||||||||||spa|d
999 |c 237294  |d 237292 
040 |c Pontificia Universidad Católica de Valparaíso 
082 0 4 |a Ch863  |b MIS  |2 21 
245 1 0 |a Gabriela anda por el mundo 
260 |a Santiago  |b Andrés Bello  |c 1978 
300 |a 392 p 
583 |a last modification  |c 20150825 09:30:12  |k Rodrigo Vera 
600 0 |a Mistral, Gabriela,  |d 1889-1957  |e autora  |q Godoy Alcayaga, Lucila  |9 866296 
650 0 |a Prosas chilenas   |9 316104 
700 0 |a Scarpa, Roque Esteban  |e author  |9 343118 
942 |c BK  |2 ddc 
945 |d 19950728 00:00:00  |a rbrito 
952 |0 0  |1 0  |4 0  |6 CH_863_000000000000000_MIS_1978  |7 0  |8 A  |9 246211  |a BIBEDU  |b BIBEDU  |c ES_NOD  |d 2019-11-18  |i 3099954  |o Ch863 MIS 1978  |p 3099954  |r 2023-08-09  |w 2019-11-18  |y BK  |k LIT 
952 |0 0  |1 0  |4 0  |6 CH_863_000000000000000_MIS_1978  |7 0  |8 A  |9 246212  |a BIBEDU  |b BIBEDU  |c ES_NOD  |d 2019-11-18  |i 3294870  |o Ch863 MIS 1978  |p 3294870  |r 2023-08-09  |w 2019-11-18  |y BK  |k LIT 
952 |0 0  |1 0  |4 0  |6 CH_863_000000000000000_MIS_1978  |7 0  |8 A  |9 246213  |a BIBEDU  |b BIBEDU  |c ES_NOD  |d 2019-11-18  |i 1443364  |o Ch863 MIS 1978  |p 1443364  |r 2023-08-09  |w 2019-11-18  |y BK  |k LIT 
952 |0 0  |1 0  |4 0  |6 CH_863_000000000000000_MIS_1978  |7 0  |8 A  |9 246214  |a BIBEDU  |b BIBEDU  |c ES_NOD  |d 2019-11-18  |i 1447971  |o Ch863 MIS 1978  |p 1447971  |r 2023-08-09  |w 2019-11-18  |y BK  |k LIT 
952 |0 0  |1 0  |3 erb  |4 0  |6 CH_863_000000000000000_MIS_1978  |7 0  |8 A  |9 246215  |a BIBEDU  |b BIBEDU  |c ES_NOD  |e Valenzuela Fuenzalida, Alvaro Miguel, 1932-  |i 5203236  |o Ch863 MIS 1978  |p 5203236  |r 2023-08-09  |w 2019-11-18  |y BK  |z Catalogado en:20150827  |k LIT